[Event "Bad Woerishofen"]
[Site "?"]
[Date "2002.??.??"]
[Round "4"]
[White "Werner, Clemens"]
[Black "Becker, Thomas"]
[Result "1-0"]
[WhiteElo "2393"]
[BlackElo "2181"]
[Annotator "ChessOrg"]
[PlyCount "69"]
[EventDate "2002.??.??"]

1. e4 c5 2. c3 b6 3. d4 e6 4. Nf3 a6 5. Bd3 d6 6. O-O Bb7 7. Qe2 Nd7 8. Re1 e5
9. dxe5 Nxe5 10. Bf4 Nxf3+ 11. Qxf3 Nf6 12. Na3 Be7 13. Rad1 O-O 14. Nc4 b5 15.
Nxd6 Bxd6 16. Bb1 Ne8 17. Bxd6 Nxd6 18. Qf4 Qe7 19. Qxd6 Qxd6 20. Rxd6 Rfd8 21.
Rdd1 Kf8 22. f3 Ke7 23. Kf2 Bc6 24. Ke3 a5 25. g3 h6 26. f4 f6 27. Rd3 b4 28.
Rc1 Rxd3+ 29. Bxd3 Kd6 30. cxb4 axb4 31. e5+ fxe5 32. fxe5+ Kd7 33. Rxc5 Rxa2
34. Bf5+ Kc7 35. Be4 1-0

[Event "Bad Woerishofen"]
[Site "?"]
[Date "2002.??.??"]
[Round "4"]
[White "Szenetra, Werner"]
[Black "Jendel, Christian"]
[Result "1/2-1/2"]
[WhiteElo "2202"]
[BlackElo "2014"]
[Annotator "ChessOrg"]
[PlyCount "46"]
[EventDate "2002.??.??"]

1. Nf3 Nf6 2. g3 b6 3. Bg2 Bb7 4. O-O e6 5. d3 d5 6. Nbd2 c5 7. e4 dxe4 8. Ng5
Nbd7 9. Ndxe4 Nxe4 10. Nxe4 Be7 11. Qh5 Bxe4 12. Bxe4 Rc8 13. Bg2 O-O 14. Bf4
Nf6 15. Qe2 Nd5 16. Bd2 Bf6 17. Rab1 Qd7 18. a3 Rfd8 19. Kh1 Ne7 20. b3 Nf5 21.
Be3 Nd4 22. Bxd4 Qxd4 23. a4 Qb4 1/2-1/2

[Event "Bad Woerishofen"]
[Site "?"]
[Date "2002.??.??"]
[Round "4"]
[White "Seifert, Dierk"]
[Black "Pitl, Gregory"]
[Result "0-1"]
[WhiteElo "2133"]
[BlackElo "2238"]
[Annotator "ChessOrg"]
[PlyCount "56"]
[EventDate "2002.??.??"]

1. c4 e5 2. g3 Nc6 3. Bg2 g6 4. Nc3 Bg7 5. Rb1 a5 6. a3 d6 7. b4 axb4 8. axb4
Be6 9. d3 f5 10. Nd5 h6 11. Bd2 Rb8 12. h4 Nf6 13. Qc1 Ng4 14. Nh3 f4 15. gxf4
O-O 16. Ng1 Nd4 17. Ne3 Rxf4 18. Nf3 Nxe3 19. Bxe3 Nxf3+ 20. Bxf3 Rxh4 21. Kd2
c6 22. Be4 d5 23. cxd5 cxd5 24. Rxh4 Qxh4 25. Qc7 Ra8 26. Qd6 Ra2+ 27. Ke1 Qg4
28. f3 Qh3 0-1

[Event "Bad Woerishofen"]
[Site "?"]
[Date "2002.??.??"]
[Round "4"]
[White "Dreesen, Jan"]
[Black "Oberhofer, Max"]
[Result "1/2-1/2"]
[WhiteElo "2137"]
[BlackElo "2223"]
[Annotator "ChessOrg"]
[PlyCount "72"]
[EventDate "2002.??.??"]

1. d4 c5 2. d5 e6 3. c4 exd5 4. cxd5 d6 5. Nc3 Nf6 6. e4 g6 7. Bg5 h6 8. Bh4
Bg7 9. f4 Qa5 10. Bd3 O-O 11. Qd2 Re8 12. Nf3 Bg4 13. O-O Bxf3 14. Rxf3 Nbd7
15. Re1 a6 16. Qf2 b5 17. Qf1 b4 18. Nd1 c4 19. Bb1 Rac8 20. e5 Nxd5 21. e6
Rxe6 22. Rxe6 fxe6 23. Bxg6 c3 24. bxc3 bxc3 25. Qe2 Nf8 26. Bc2 Qb4 27. Qxa6
Rc7 28. a3 Qd4+ 29. Bf2 Qd2 30. Qd3 Nxf4 31. Qxd2 cxd2 32. Bb3 Ne2+ 33. Kf1 Nd4
34. Bxd4 Bxd4 35. Ke2 d5 36. Kxd2 Nd7 1/2-1/2

[Event "Bad Woerishofen"]
[Site "?"]
[Date "2002.??.??"]
[Round "4"]
[White "Popitz, Andreas"]
[Black "Heinig, Wolfram"]
[Result "0-1"]
[WhiteElo "2182"]
[BlackElo "2287"]
[Annotator "ChessOrg"]
[PlyCount "84"]
[EventDate "2002.??.??"]

1. d4 Nf6 2. Nf3 g6 3. Bf4 Bg7 4. e3 d6 5. h3 O-O 6. Be2 Nbd7 7. O-O c5 8. c3
b6 9. Nbd2 Bb7 10. a4 a6 11. Bh2 Qc7 12. Re1 Ne4 13. Nxe4 Bxe4 14. Qb3 Qb7 15.
Rad1 Rab8 16. c4 Nf6 17. Ra1 Rfc8 18. Rec1 h6 19. Ne1 Bc6 20. f3 Be8 21. Qd1
Nd7 22. Rab1 Nf8 23. Bg3 cxd4 24. exd4 Ne6 25. Bf2 b5 26. axb5 axb5 27. b3 Ra8
28. Ra1 Bd7 29. Nc2 bxc4 30. Rxa8 Rxa8 31. bxc4 Ra2 32. Rb1 Rb2 33. Na3 Nxd4
34. Bxd4 Rxb1 35. Nxb1 Bxd4+ 36. Qxd4 Qxb1+ 37. Kh2 Qc2 38. Qe3 Be6 39. Bd3 Qc3
40. Qe2 Qd4 41. Qc2 Kg7 42. Bf1 h5 0-1

[Event "Bad Woerishofen"]
[Site "?"]
[Date "2002.??.??"]
[Round "4"]
[White "Freundlieb, Thomas"]
[Black "Fahnenschmidt, Gerhard"]
[Result "0-1"]
[WhiteElo "2150"]
[BlackElo "2276"]
[Annotator "ChessOrg"]
[PlyCount "98"]
[EventDate "2002.??.??"]

1. d4 Nf6 2. Nf3 e6 3. e3 b6 4. Bd3 Bb7 5. Nbd2 c5 6. c3 Nc6 7. a3 Be7 8. e4
cxd4 9. cxd4 g5 10. h3 Nh5 11. g3 O-O 12. b4 f5 13. Bb2 Qe8 14. O-O Ng7 15. b5
Na5 16. exf5 Qh5 17. Be4 Qxh3 18. Bxb7 Nxb7 19. fxe6 Nxe6 20. Ne5 h5 21. Qe2 d5
22. Rac1 Nd6 23. a4 Bf6 24. Rc6 Rad8 25. Re1 Rfe8 26. Qf3 Bxe5 27. dxe5 Nf5 28.
Qg2 Qg4 29. Qf3 Qxf3 30. Nxf3 g4 31. Nd2 Kf7 32. Kg2 Rh8 33. Rec1 h4 34. gxh4
Rxh4 35. Rxe6 Kxe6 36. Rc6+ Ke7 37. Ba3+ Ke8 38. Rc7 Rh3 39. f3 Nh4+ 40. Kf2
g3+ 41. Kg1 Rd7 42. Rc8+ Kf7 43. Rf8+ Kg7 44. Nf1 Rf7 45. Rd8 Rxf3 46. Rd7+ Kg6
47. Rd6+ Kh5 48. Bc1 Rh1+ 49. Kxh1 Rxf1# 0-1

[Event "Bad Woerishofen"]
[Site "?"]
[Date "2002.??.??"]
[Round "4"]
[White "Einwiller, Dieter"]
[Black "Heika, Martin"]
[Result "0-1"]
[WhiteElo "2154"]
[BlackElo "2339"]
[Annotator "ChessOrg"]
[PlyCount "134"]
[EventDate "2002.??.??"]

1. e4 d5 2. exd5 Qxd5 3. Nc3 Qa5 4. d4 c6 5. Bc4 Bf5 6. Nf3 Nf6 7. O-O e6 8.
Bd2 Nbd7 9. Bb3 Qc7 10. h3 h6 11. Re1 O-O-O 12. Qe2 g5 13. Ne5 Nxe5 14. dxe5
Nd7 15. Nd1 Bg6 16. Bc3 Bg7 17. f3 Nb6 18. Ba5 c5 19. Bc4 Rd4 20. b3 Qe7 21.
Bxb6 axb6 22. Nc3 Rhd8 23. Rad1 Rxd1 24. Nxd1 Qd7 25. Nf2 Qd4 26. Bd3 Bxd3 27.
cxd3 Rd5 28. Kf1 Rxe5 29. Qd2 Rxe1+ 30. Kxe1 Qa1+ 31. Nd1 Bd4 32. Qc2 Be5 33.
Kf1 Qd4 34. Qe2 Bh2 35. Qe3 Qa1 36. Qd2 Bg3 37. Ke2 Bf4 38. Qb2 Qxb2+ 39. Nxb2
b5 40. Nd1 Kc7 41. Nf2 f5 42. Nd1 Kb6 43. Nc3 Be5 44. Nb1 Kc6 45. Na3 Bb2 46.
Nc2 Kd5 47. Kd2 h5 48. Ke2 h4 49. Kd2 Be5 50. Na3 b4 51. Nc2 Bc3+ 52. Ke2 b5
53. Kd1 Ke5 54. Ke2 Kf4 55. Kf2 e5 56. Ke2 e4 57. fxe4 fxe4 58. dxe4 Kxe4 59.
Ne3 Be5 60. Nc2 Bf4 61. Ne1 Kd4 62. Nd3 Bd6 63. Kd2 c4 64. Ne1 Bf4+ 65. Kc2 Ke3
66. Kd1 Kf2 67. Nc2 cxb3 0-1

[Event "Bad Woerishofen"]
[Site "?"]
[Date "2002.??.??"]
[Round "4"]
[White "Zach, Andreas"]
[Black "Vonach, Bernd"]
[Result "1-0"]
[WhiteElo "2277"]
[BlackElo "2081"]
[Annotator "ChessOrg"]
[PlyCount "122"]
[EventDate "2002.??.??"]

1. d3 e5 2. g4 d5 3. h3 Bd7 4. Nf3 Bd6 5. c4 dxc4 6. dxc4 Bc6 7. Be3 Qe7 8. a3
a5 9. Nc3 Na6 10. Nd5 Qd8 11. Bg2 Ne7 12. O-O O-O 13. Ng5 Nxd5 14. cxd5 Bd7 15.
Qc2 g6 16. Ne4 f5 17. gxf5 Bxf5 18. Qb3 Bxe4 19. Bxe4 Qh4 20. Bg2 b6 21. Rac1
Rae8 22. Rc4 e4 23. Qa4 Nc5 24. Qc2 Qh5 25. Bxc5 bxc5 26. Rxe4 Rxe4 27. Qxe4
Qe5 28. Qxe5 Bxe5 29. Rc1 Bxb2 30. Rxc5 Bd4 31. Rxc7 Bxf2+ 32. Kh1 Bb6 33. Rc6
Rb8 34. d6 Kf8 35. d7 Bd8 36. Rc1 Ke7 37. Bc6 Rb3 38. a4 Rxh3+ 39. Kg2 Re3 40.
Kf2 Bb6 41. Ke1 Rh3 42. Rc4 Bd8 43. Re4+ Kd6 44. Bb5 Rh4 45. Re8 Kc7 46. e3 g5
47. Re6 g4 48. Kf2 h5 49. Kg2 Rh3 50. Rg6 Rf3 51. e4 Rf6 52. Rg8 Re6 53. Re8
Rg6 54. e5 Rg7 55. e6 h4 56. Bd3 g3 57. Be4 Re7 58. Bf5 Rg7 59. Bh3 Re7 60. Rg8
Rh7 61. Kg1 61... Rh5 {
und 1:0 nach einigen weiteren Zuegen in Zeitnot durch ZUe} 1-0

[Event "Bad Woerishofen"]
[Site "?"]
[Date "2002.??.??"]
[Round "4"]
[White "Buchner, Rudolf"]
[Black "Hahn, Guenter"]
[Result "1/2-1/2"]
[WhiteElo "2296"]
[BlackElo "2152"]
[Annotator "ChessOrg"]
[PlyCount "110"]
[EventDate "2002.??.??"]

1. e4 e6 2. d4 d5 3. Nd2 Nf6 4. e5 Nfd7 5. Bd3 c5 6. c3 Nc6 7. Ne2 cxd4 8. cxd4
Qb6 9. Nf3 f6 10. exf6 Nxf6 11. O-O Bd6 12. Bf4 Bxf4 13. Nxf4 Qxb2 14. Qa4 Qb4
15. Qxb4 Nxb4 16. Bb5+ Nc6 17. Rfe1 O-O 18. Bxc6 bxc6 19. Nxe6 Bxe6 20. Rxe6
Rfc8 21. Rc1 Rab8 22. Ne5 c5 23. Nc6 cxd4 24. Rxf6 gxf6 25. Ne7+ Kf7 26. Nxc8
d3 27. Nxa7 d2 28. Rd1 Rb7 29. Nc6 Rc7 30. Rxd2 Rxc6 31. g4 Rc1+ 32. Kg2 Ke6
33. h4 Ke5 34. Kg3 Rg1+ 35. Kf3 Rh1 36. Re2+ Kd4 37. h5 Kc3 38. Re7 d4 39. Rc7+
Kd2 40. Rxh7 d3 41. Rf7 Kc2 42. Rxf6 d2 43. Rc6+ Kb2 44. Rd6 Kc2 45. Kf4 d1=Q
46. Rxd1 Kxd1 47. h6 Rxh6 48. g5 Rh2 49. Ke3 Rh3+ 50. f3 Rg3 51. Kf4 Rg2 52. a4
Ke2 53. a5 Rf2 54. g6 Rxf3+ 55. Ke5 Ra3 1/2-1/2

[Event "Bad Woerishofen"]
[Site "?"]
[Date "2002.??.??"]
[Round "4"]
[White "Babar, Michael"]
[Black "Braun, Peter"]
[Result "1/2-1/2"]
[WhiteElo "2146"]
[BlackElo "2266"]
[Annotator "ChessOrg"]
[PlyCount "35"]
[EventDate "2002.??.??"]

1. d4 Nf6 2. e3 d5 3. Bd3 e6 4. f4 c5 5. c3 Nc6 6. Nf3 Bd6 7. O-O Qe7 8. Qe1
Bd7 9. Ne5 O-O-O 10. Nd2 Kb8 11. a4 Ne8 12. Nxd7+ Qxd7 13. dxc5 Bxc5 14. b4 Bd6
15. Nb3 Nf6 16. a5 Ne7 17. a6 b6 18. Nd4 1/2-1/2

[Event "Bad Woerishofen"]
[Site "?"]
[Date "2002.??.??"]
[Round "4"]
[White "Maahs, Erich"]
[Black "von Saldern, Ruediger"]
[Result "0-1"]
[WhiteElo "2200"]
[BlackElo "2127"]
[Annotator "ChessOrg"]
[PlyCount "100"]
[EventDate "2002.??.??"]

1. e4 e5 2. Nc3 Nc6 3. Bc4 Bc5 4. d3 Nf6 5. Bg5 h6 6. Bh4 d6 7. Nd5 g5 8. Bg3
Nxd5 9. Bxd5 Qe7 10. c3 Be6 11. Qa4 Qd7 12. b4 Bb6 13. Qb3 a5 14. Bxe6 Qxe6 15.
Qxe6+ fxe6 16. b5 Ne7 17. h4 Kd7 18. a4 Ng6 19. Nf3 Nf4 20. Bxf4 gxf4 21. Ke2
Rhg8 22. Rag1 Rg7 23. g4 fxg3 24. Rxg3 Rxg3 25. fxg3 Rg8 26. Rh3 c6 27. bxc6+
Kxc6 28. d4 exd4 29. cxd4 Ba7 30. Kd3 b5 31. axb5+ Kxb5 32. Ng1 e5 33. Ne2 exd4
34. Rh1 a4 35. Rg1 h5 36. Nf4 a3 37. Nxh5 Ka4 38. g4 Rf8 39. g5 Rf3+ 40. Kc4
Rc3+ 41. Kd5 d3 42. Rd1 a2 43. g6 d2 44. g7 Rc8 45. e5 Kb3 46. Nf6 Kc2 47. exd6
Kxd1 48. d7 Rd8 49. Ke6 a1=Q 50. Ke7 Bb6 0-1

[Event "Bad Woerishofen"]
[Site "?"]
[Date "2002.??.??"]
[Round "4"]
[White "Rahls, Peter"]
[Black "Grosser, Walter"]
[Result "1-0"]
[WhiteElo "2254"]
[BlackElo "2077"]
[Annotator "ChessOrg"]
[PlyCount "79"]
[EventDate "2002.??.??"]

1. e4 c5 2. c3 e5 3. Nf3 Nc6 4. Bc4 Qc7 5. O-O Nf6 6. Re1 Be7 7. d3 d6 8. Nbd2
O-O 9. Nf1 Bg4 10. h3 Bxf3 11. Qxf3 Nd8 12. g4 Ne6 13. g5 Ne8 14. Qf5 Qc8 15.
Ng3 g6 16. Bxe6 Qxe6 17. Qxe6 fxe6 18. Be3 Ng7 19. Rad1 a6 20. Kg2 Rf7 21. a3
Rc8 22. Rc1 Bf8 23. Re2 Rfc7 24. c4 Rd7 25. Rec2 Rdc7 26. b4 cxb4 27. axb4 b5
28. Bb6 Rc6 29. c5 dxc5 30. bxc5 Ne8 31. Ne2 Nd6 32. f4 exf4 33. Nd4 e5 34.
Nxc6 Rxc6 35. cxd6 Rxb6 36. Rc6 Rxc6 37. Rxc6 b4 38. d7 Be7 39. Rxa6 Kf7 40.
Ra8 1-0

[Event "Bad Woerishofen"]
[Site "?"]
[Date "2002.??.??"]
[Round "4"]
[White "Schaefer, Michael"]
[Black "Pitl, Jarno"]
[Result "1-0"]
[WhiteElo "2247"]
[BlackElo "2073"]
[Annotator "ChessOrg"]
[PlyCount "75"]
[EventDate "2002.??.??"]

1. d4 Nf6 2. c4 d6 3. Nc3 g6 4. Nf3 Bg4 5. e3 Nbd7 6. Be2 Bg7 7. b3 c6 8. Bb2
O-O 9. h3 Bxf3 10. Bxf3 e5 11. O-O Qe7 12. dxe5 Nxe5 13. Be2 Rfe8 14. Qd2 Rad8
15. Rad1 d5 16. cxd5 Nxd5 17. Qc1 f5 18. Nxd5 cxd5 19. Bb5 Nc6 20. Bxg7 Kxg7
21. Bxc6 bxc6 22. Qxc6 Qe6 23. Qc5 a6 24. Rd4 Rd6 25. Rc1 g5 26. Qa7+ Re7 27.
Rc7 Rdd7 28. Rxd7 Rxd7 29. Qc5 Qd6 30. Qc3 Kf7 31. Qd3 Ke6 32. g4 fxg4 33. hxg4
Rf7 34. Ra4 Qc5 35. Rxa6+ Ke5 36. Qd2 Rc7 37. Kg2 h5 38. f4+ 1-0

[Event "Bad Woerishofen"]
[Site "?"]
[Date "2002.??.??"]
[Round "4"]
[White "Scherer, Helmut"]
[Black "Stuemer, Paul"]
[Result "1-0"]
[WhiteElo "2275"]
[BlackElo "2143"]
[Annotator "ChessOrg"]
[PlyCount "81"]
[EventDate "2002.??.??"]

1. e4 c5 2. Nf3 Nc6 3. Bb5 g6 4. O-O Bg7 5. Re1 Nf6 6. c3 O-O 7. h3 d5 8. e5
Ne8 9. d4 Nc7 10. Bxc6 bxc6 11. dxc5 Ne6 12. Be3 Qc7 13. Bd4 Bh6 14. Nbd2 a5
15. Nf1 Ba6 16. N1h2 Rfb8 17. b3 Rd8 18. Ng4 Bg7 19. Qd2 Bc8 20. Nh6+ Kf8 21.
Ng5 Nxg5 22. Qxg5 Be6 23. Ng4 Bxg4 24. hxg4 e6 25. Re3 Qe7 26. Qf4 h6 27. Rf3
Ra7 28. Re1 Kg8 29. Rh3 Re8 30. Ree3 Qf8 31. Qg3 g5 32. Qh2 Rae7 33. Rhf3 Kh7
34. Qh5 Kg8 35. Rh3 Rb7 36. g3 Qe7 37. f4 Rf8 38. f5 f6 39. exf6 Rxf6 40. Bxf6
Bxf6 41. Qg6+ 1-0

[Event "Bad Woerishofen"]
[Site "?"]
[Date "2002.??.??"]
[Round "4"]
[White "Dany, Sebastian"]
[Black "Grimm, Sven"]
[Result "1/2-1/2"]
[WhiteElo "2090"]
[BlackElo "2174"]
[Annotator "ChessOrg"]
[PlyCount "33"]
[EventDate "2002.??.??"]

1. d4 Nf6 2. c4 c5 3. d5 b5 4. cxb5 a6 5. b6 d6 6. Nc3 Qxb6 7. Nf3 g6 8. Nd2
Nbd7 9. Nc4 Qc7 10. e4 Bg7 11. Be2 O-O 12. O-O Nb6 13. Ne3 Rb8 14. a4 Nbd7 15.
Nc4 Nb6 16. Ne3 Nbd7 17. Nc4 1/2-1/2

[Event "Bad Woerishofen"]
[Site "?"]
[Date "2002.??.??"]
[Round "4"]
[White "Baeuml, Ulrich"]
[Black "Bintakies, Michael"]
[Result "1/2-1/2"]
[WhiteElo "2098"]
[BlackElo "2188"]
[Annotator "ChessOrg"]
[PlyCount "69"]
[EventDate "2002.??.??"]

1. e4 c6 2. d4 d5 3. Nd2 dxe4 4. Nxe4 Nd7 5. Bc4 Ngf6 6. Ng5 e6 7. Qe2 Nb6 8.
Bd3 h6 9. N5f3 c5 10. dxc5 Bxc5 11. Ne5 Nbd7 12. Ngf3 Qc7 13. Bd2 Bxf2+ 14.
Qxf2 Nxe5 15. Bb5+ Bd7 16. Bxd7+ Nexd7 17. Bb4 Qb6 18. Qxb6 Nxb6 19. b3 Nbd5
20. Bd2 Ne4 21. c4 Nxd2 22. Kxd2 Nf4 23. g3 Rd8+ 24. Ke3 Ng6 25. Rad1 Ke7 26.
h4 h5 27. c5 f6 28. Rc1 Rd5 29. b4 Rhd8 30. Rc3 Ne5 31. Nxe5 Rxe5+ 32. Kf3 Rd2
33. b5 Rdd5 34. Rhc1 Rd7 35. Ra3 1/2-1/2

[Event "Bad Woerishofen"]
[Site "?"]
[Date "2002.??.??"]
[Round "4"]
[White "Lang, Stefan"]
[Black "Quinn, John"]
[Result "1/2-1/2"]
[WhiteElo "2080"]
[BlackElo "2174"]
[Annotator "ChessOrg"]
[PlyCount "39"]
[EventDate "2002.??.??"]

1. d4 Nf6 2. Nf3 e6 3. c4 Bb4+ 4. Bd2 Qe7 5. g3 O-O 6. Bg2 Ne4 7. O-O Bxd2 8.
Nbxd2 Nxd2 9. Qxd2 d6 10. Qc3 Nd7 11. e4 e5 12. d5 Nc5 13. Nd2 f5 14. b4 Nxe4
15. Nxe4 fxe4 16. Bxe4 Bf5 17. Rae1 Bxe4 18. Rxe4 Qf7 19. h4 Qg6 20. Qe3
1/2-1/2

[Event "Bad Woerishofen"]
[Site "?"]
[Date "2002.??.??"]
[Round "4"]
[White "Olzem, Lothar"]
[Black "Schmitzer, Peter"]
[Result "1-0"]
[WhiteElo "2185"]
[BlackElo "2095"]
[Annotator "ChessOrg"]
[PlyCount "93"]
[EventDate "2002.??.??"]

1. e4 g6 2. d4 Bg7 3. Nf3 d6 4. Nc3 Nf6 5. Bf4 c6 6. Qd2 Bg4 7. O-O-O b5 8. Bd3
Nbd7 9. Bh6 O-O 10. Bxg7 Kxg7 11. e5 dxe5 12. dxe5 Ng8 13. Be4 Qb6 14. Qf4 Bxf3
15. Rxd7 Bxe4 16. Nxe4 Rfd8 17. Rhd1 Rxd7 18. Rxd7 Rd8 19. e6 Rf8 20. Qe5+ f6
21. Qc7 Qxc7 22. Rxc7 f5 23. Nc5 a5 24. Rxc6 Rd8 25. Rb6 b4 26. Ra6 Rd6 27.
Rxd6 exd6 28. Nb7 a4 29. Nxd6 Kf6 30. Nb7 Kxe6 31. Nc5+ Kd5 32. Nxa4 Kc6 33. c3
Kb5 34. b3 Nf6 35. f3 g5 36. Kd2 h5 37. Kd3 bxc3 38. Nxc3+ Kb4 39. Kd4 Nd7 40.
Nb1 g4 41. fxg4 fxg4 42. Ke4 Nf6+ 43. Kf5 Nd5 44. Kg5 g3 45. hxg3 Ne3 46. Kxh5
Nxg2 47. g4 1-0

[Event "Bad Woerishofen"]
[Site "?"]
[Date "2002.??.??"]
[Round "4"]
[White "Costea, Valerius"]
[Black "Sailer, Wolfgang"]
[Result "1/2-1/2"]
[WhiteElo "1880"]
[BlackElo "2167"]
[Annotator "ChessOrg"]
[PlyCount "71"]
[EventDate "2002.??.??"]

1. e4 d5 2. exd5 Qxd5 3. Nc3 Qa5 4. d4 c6 5. Bc4 Bf5 6. Nf3 Nf6 7. Bd2 e6 8.
Ne4 Qc7 9. Nxf6+ gxf6 10. a4 Nd7 11. a5 a6 12. Bc3 Qf4 13. Qe2 Bg4 14. Bd2 Qf5
15. Bd3 Bxf3 16. gxf3 Qh5 17. f4 Qxe2+ 18. Kxe2 f5 19. Rhg1 Bd6 20. Rae1 Nf6
21. Kf3 Kf8 22. h3 Rd8 23. Bc4 Rg8 24. Rxg8+ Kxg8 25. Rg1+ Kf8 26. Bd3 Nd5 27.
Ra1 Ne7 28. Be3 Ng6 29. Rg1 Ke7 30. Bd2 c5 31. dxc5 Bxc5 32. Re1 Kf6 33. Be3
Bd4 34. Rb1 Ne7 35. Bd2 Nc6 36. b4 1/2-1/2

[Event "Bad Woerishofen"]
[Site "?"]
[Date "2002.??.??"]
[Round "4"]
[White "Hornung, Hans"]
[Black "Fischer, Michael"]
[Result "1/2-1/2"]
[WhiteElo "2173"]
[BlackElo "2079"]
[Annotator "ChessOrg"]
[PlyCount "75"]
[EventDate "2002.??.??"]

1. g3 e5 2. Bg2 Nf6 3. Nf3 Nc6 4. O-O d5 5. c4 dxc4 6. Qa4 Bd7 7. Qxc4 Bd6 8.
d4 O-O 9. dxe5 Nxe5 10. Nxe5 Bxe5 11. Nc3 c6 12. Be3 Qe7 13. Rad1 Be6 14. Qa4
Rfd8 15. Rxd8+ Qxd8 16. Rd1 Qc7 17. Bd4 Bxd4 18. Qxd4 h6 19. b4 b6 20. b5 c5
21. Qd6 Qxd6 22. Rxd6 Rc8 23. Bb7 Rc7 24. Rd8+ Kh7 25. Bc6 Bc4 26. f3 a6 27. a4
axb5 28. axb5 Ra7 29. Rb8 Ra3 30. Ne4 Bxe2 31. Nxf6+ gxf6 32. Rxb6 Bxf3 33.
Bxf3 Rxf3 34. Rc6 Rc3 35. Rxf6 Kg7 36. Rc6 c4 37. Kg2 Rb3 38. Rxc4 1/2-1/2

[Event "Bad Woerishofen"]
[Site "?"]
[Date "2002.??.??"]
[Round "4"]
[White "Koller, Hubert"]
[Black "Kugelmann, Werner"]
[Result "1-0"]
[WhiteElo "2112"]
[BlackElo "2191"]
[Annotator "ChessOrg"]
[PlyCount "131"]
[EventDate "2002.??.??"]

1. c3 c5 2. Nf3 e6 3. d4 d5 4. Bf4 Nc6 5. e3 Nf6 6. Nbd2 Be7 7. Bd3 Nh5 8. Bg3
Nxg3 9. hxg3 h6 10. O-O O-O 11. Rc1 Bd7 12. Re1 Qb6 13. Qb3 Qd8 14. Bb1 g6 15.
e4 Na5 16. Qc2 cxd4 17. Nxd4 Nc6 18. e5 Nxd4 19. cxd4 Rc8 20. Qb3 Rxc1 21. Rxc1
Bc6 22. Nf3 Kg7 23. Qe3 Qb6 24. b3 Ba3 25. Rd1 Rc8 26. g4 Be8 27. g3 Bb5 28.
Kg2 Qc7 29. Rh1 Rh8 30. Qf4 Qe7 31. g5 h5 32. Qf6+ Qxf6 33. gxf6+ Kh6 34. g4
Rc8 35. g5+ Kh7 36. Rxh5+ Kg8 37. Rh6 Bf8 38. Rh1 Ba3 39. Rh6 Be8 40. Rh1 Bc1
41. Rd1 Bb5 42. Bd3 Bd7 43. Kg3 Bb2 44. Rd2 Ba3 45. Rd1 Rc3 46. Kg4 a6 47. Ng1
Rc1 48. Rxc1 Bxc1 49. Ne2 Bb2 50. Kf3 Kf8 51. Ke3 Ke8 52. Kd2 Ba3 53. Kc3 Bf8
54. b4 Kd8 55. Kb3 Bc8 56. Nf4 Bd7 57. a3 Be8 58. Bxg6 Kd7 59. Bd3 b5 60. f3
Kc6 61. g6 fxg6 62. Bxg6 Bd7 63. Bf7 Bh6 64. Ng6 Be3 65. Kc3 Bc1 66. Bg8 1-0

[Event "Bad Woerishofen"]
[Site "?"]
[Date "2002.??.??"]
[Round "4"]
[White "Wissinger, Peter"]
[Black "Oschetzki, Stefan"]
[Result "1/2-1/2"]
[WhiteElo "1996"]
[BlackElo "2173"]
[Annotator "ChessOrg"]
[PlyCount "114"]
[EventDate "2002.??.??"]

1. Nf3 g6 2. c4 f5 3. d4 Nf6 4. g3 Bg7 5. Bg2 O-O 6. O-O c6 7. e3 d6 8. b3 a5
9. Bb2 Na6 10. a3 Qc7 11. Nbd2 Re8 12. Qc2 b6 13. Rac1 Bb7 14. e4 fxe4 15. Nxe4
Nxe4 16. Qxe4 e5 17. dxe5 dxe5 18. Qc2 Nc5 19. Nd2 Rad8 20. Rcd1 Ne6 21. Rfe1
c5 22. Ne4 Nd4 23. Qd3 Rf8 24. Bxd4 Bxe4 25. Bxe5 Bxe5 26. Qxe4 Bd4 27. Rd2 Qg7
28. Rde2 Rd6 29. Rf1 Rdf6 30. Qc2 Kh8 31. Bd5 g5 32. Kh1 g4 33. Qe4 Rf3 34. Qe7
Rxb3 35. Qxg7+ Kxg7 36. a4 h5 37. Kg2 Ra3 38. Bc6 Kg6 39. f4 gxf3+ 40. Bxf3 Kg5
41. Bc6 Rxf1 42. Kxf1 h4 43. gxh4+ Kxh4 44. Rg2 Be5 45. Bd7 Rd3 46. Be6 Re3 47.
Rg4+ Kh5 48. Rg2 Bc3 49. Bd5 Bf6 50. Rg3 Rxg3 51. hxg3 Kg4 52. Kg2 Be5 53. Be6+
Kg5 54. Kf3 Kf6 55. Bc8 Bd6 56. g4 Ke5 57. Bd7 Be7 1/2-1/2

[Event "Bad Woerishofen"]
[Site "?"]
[Date "2002.??.??"]
[Round "4"]
[White "Graf, Christian"]
[Black "Bader, Gerd"]
[Result "1/2-1/2"]
[WhiteElo "2245"]
[BlackElo "2070"]
[Annotator "ChessOrg"]
[PlyCount "107"]
[EventDate "2002.??.??"]

1. e4 e5 2. Nf3 d6 3. d4 Nd7 4. Bc4 c6 5. a4 Be7 6. O-O h6 7. Nc3 Ngf6 8. h3
O-O 9. Bb3 b6 10. Be3 a6 11. Qe2 Bb7 12. Nh4 Nd5 13. exd5 Bxh4 14. dxc6 Bxc6
15. Qg4 exd4 16. Bxd4 Ne5 17. Bxe5 dxe5 18. Rad1 Qg5 19. Qxg5 Bxg5 20. Rd6 Rac8
21. Nd5 Bxd5 22. Rxd5 Rcd8 23. Rfd1 Rxd5 24. Rxd5 Rd8 25. Kf1 Rxd5 26. Bxd5 a5
27. Ke2 Bc1 28. b3 Bb2 29. Kd3 Bd4 30. f3 Kf8 31. c3 Bf2 32. b4 axb4 33. cxb4
Ke7 34. a5 bxa5 35. bxa5 f6 36. g4 Kd6 37. Ke4 Bg1 38. Bc4 Bf2 39. a6 Bg1 40.
Kf5 Ke7 41. h4 Bd4 42. Bd5 Be3 43. Kg6 Kf8 44. g5 fxg5 45. hxg5 hxg5 46. Kf5
Ke7 47. Kxe5 Kd7 48. Be6+ Kc7 49. Ke4 Bf2 50. Bd5 Kb6 51. Bb7 Ka7 52. Kf5 Bd4
53. Kxg5 Ba1 54. f4 1/2-1/2

[Event "Bad Woerishofen"]
[Site "?"]
[Date "2002.??.??"]
[Round "4"]
[White "Kroencke, Manfred"]
[Black "Jaenig, Reinhard"]
[Result "1/2-1/2"]
[WhiteElo "2197"]
[BlackElo "2119"]
[Annotator "ChessOrg"]
[PlyCount "141"]
[EventDate "2002.??.??"]

1. e4 c5 2. Nf3 e6 3. d3 Nc6 4. g3 d5 5. Nbd2 Nf6 6. Bg2 g6 7. O-O Bg7 8. exd5
Nxd5 9. c3 O-O 10. Nb3 b6 11. d4 Ba6 12. Re1 c4 13. Nbd2 b5 14. Ne4 Qa5 15. a3
h6 16. Bd2 Rad8 17. b4 Qb6 18. Qc1 Kh7 19. a4 bxa4 20. h4 Bb5 21. h5 g5 22. Qc2
Kg8 23. Nc5 a5 24. bxa5 Nxa5 25. Nxa4 Bxa4 26. Rxa4 Qb3 27. Ra2 Qxc2 28. Rxc2
Nb3 29. Bc1 Nxc1 30. Rexc1 Nf6 31. Ne5 Nxh5 32. Nxc4 Nf6 33. Rb1 Rc8 34. Ne3
Rfd8 35. Rb3 h5 36. Ra2 Rc7 37. Ra4 g4 38. Ra5 Bh6 39. Ra8 Rxa8 40. Bxa8 Ra7
41. Bc6 Bxe3 42. fxe3 Ra1+ 43. Kf2 Rc1 44. e4 Kg7 45. e5 Nh7 46. d5 exd5 47.
Bxd5 Ng5 48. c4 Kg6 49. Ke2 Kf5 50. Kd2 Ra1 51. Re3 Ra2+ 52. Kc1 Ra7 53. Kb2
Re7 54. c5 Rxe5 55. Rd3 Ne6 56. c6 Kf6 57. Kc3 Ke7 58. Kb4 Re1 59. Kb5 Rb1+ 60.
Kc4 Rc1+ 61. Kb5 f5 62. Bc4 Nc7+ 63. Kb4 Rb1+ 64. Kc3 Nb5+ 65. Kc2 Rb4 66. Rd7+
Kf6 67. Kd3 Rb1 68. Bxb5 Rxb5 69. Kc4 Rb1 70. Rh7 Kg6 71. Rh8 1/2-1/2

[Event "Bad Woerishofen"]
[Site "?"]
[Date "2002.??.??"]
[Round "4"]
[White "Hamlack, Heinz"]
[Black "Schellmann, Frank"]
[Result "1/2-1/2"]
[WhiteElo "1937"]
[BlackElo "2144"]
[Annotator "ChessOrg"]
[PlyCount "42"]
[EventDate "2002.??.??"]

1. e4 e5 2. Nf3 Nf6 3. Nc3 Bb4 4. Bc4 Nc6 5. O-O O-O 6. d3 Bxc3 7. bxc3 d5 8.
exd5 Nxd5 9. Ng5 h6 10. Qf3 Nf6 11. Ne4 Nxe4 12. Qxe4 Kh8 13. f4 f5 14. Qd5 Qf6
15. fxe5 Nxe5 16. Bf4 Qb6+ 17. d4 Nxc4 18. Qxc4 Be6 19. Qxc7 Qxc7 20. Bxc7 Rfc8
21. Be5 Rxc3 1/2-1/2

[Event "Bad Woerishofen"]
[Site "?"]
[Date "2002.??.??"]
[Round "4"]
[White "Hermann, Manfred"]
[Black "Burkhard, Wilfried"]
[Result "1-0"]
[WhiteElo "2340"]
[BlackElo "1830"]
[Annotator "ChessOrg"]
[PlyCount "43"]
[EventDate "2002.??.??"]

1. e4 e6 2. d4 d5 3. Nc3 Bb4 4. Nge2 Nf6 5. e5 Nfd7 6. Bd2 b6 7. Nf4 Bxc3 8.
bxc3 Ba6 9. Qg4 Kf8 10. Bxa6 Nxa6 11. Nh5 Rg8 12. Nxg7 Nf6 13. exf6 Qxf6 14.
Nh5 Rxg4 15. Nxf6 Rxg2 16. Nxh7+ Kg7 17. Ng5 Rh8 18. h4 Rg4 19. h5 c5 20. Ke2
Nc7 21. Kf3 f5 22. Bf4 1-0

[Event "Bad Woerishofen"]
[Site "?"]
[Date "2002.??.??"]
[Round "4"]
[White "Himmel, Hansjoerg"]
[Black "Pohlers, Juergen"]
[Result "1-0"]
[WhiteElo "2238"]
[BlackElo "2133"]
[Annotator "ChessOrg"]
[PlyCount "31"]
[EventDate "2002.??.??"]

1. e4 c5 2. Nf3 Nc6 3. d4 cxd4 4. Nxd4 Nf6 5. Nc3 e5 6. Ndb5 d6 7. Bg5 a6 8.
Na3 b5 9. Bxf6 gxf6 10. Nd5 f5 11. Bd3 Be6 12. O-O Rg8 13. f4 Bh6 14. Qh5 Bxf4
15. Qxh7 Qg5 16. Qxg8+ 1-0